Sports Quiz

Random Sports or WWE Quiz

Complete the Card: WWE Great Balls of Fire 2017 Quiz Stats

 Plays Quiz not verified by Sporcle

Score 0/32 Timer 05:00
0 Plays Today
Hint Answer % Correct
Ambulance MatchRoman Reigns
93.5%
Universal ChampionshipBrock Lesnar
93.2%
Intercontinental ChampionshipThe Miz
93.1%
Raw Women's ChampionshipAlexa Bliss
91.6%
Raw Tag Team Championship 30-Minute Ironman MatchSheamus
91.2%
Pre Show: Cruiserweight ChampionshipNeville
91.1%
Ambulance MatchBraun Strowman
91%
Intercontinental ChampionshipDean Ambrose
90.8%
Raw Tag Team Championship 30-Minute Ironman MatchCesaro
90.7%
Universal ChampionshipSamoa Joe
90.7%
Raw Women's ChampionshipSasha Banks
90.5%
Universal ChampionshipPaul Heyman
90.4%
Raw Tag Team Championship 30-Minute Ironman MatchJeff Hardy
89.8%
Raw Tag Team Championship 30-Minute Ironman MatchMatt Hardy
89.8%
Intercontinental ChampionshipMaryse
88.1%
Intercontinental ChampionshipBo Dallas
86.4%
Hint Answer % Correct
Intercontinental ChampionshipCurtis Axel
85.3%
Singles MatchSeth Rollins
85%
OtherMichael Cole
79.6%
Pre Show: Cruiserweight ChampionshipTitus O'Neil
79.6%
Singles MatchBray Wyatt
78.8%
OtherBooker T
77.8%
OtherCorey Graves
76%
OtherRenee Young
73.1%
Pre Show: Cruiserweight ChampionshipAkira Tozawa
72.5%
OtherJojo
70.1%
Singles Match Enzo Amore
64.9%
Singles Match Big Cass
64.5%
Singles MatchHeath Slater
54.3%
Singles MatchCurt Hawkins
52.4%
OtherDavid Otunga
45.9%
OtherPeter Rosenberg
39.8%

You're not logged in!

Compare scores with friends on all Sporcle quizzes.
OR
Log In

Show Comments

Extras

Top Quizzes Today


Score Distribution

Your Account Isn't Verified!

In order to create a playlist on Sporcle, you need to verify the email address you used during registration. Go to your Sporcle Settings to finish the process.

Report this User

Report this user for behavior that violates our Community Guidelines.

Details: